| 000 | 00767cam a2200241 4500 | ||
|---|---|---|---|
| 008 | 090401t1991 xxu||||| |||| 00| 0 eng d | ||
| 020 | _a0854064877 | ||
| 035 | _a(Sirsi) u52644 | ||
| 041 | _aeng | ||
| 050 | _a333.3309437 | ||
| 090 | _aRICS 1991/6A | ||
| 110 |
_aHealey and Baker Research Services _91803 |
||
| 245 | _aReal estate guide : Czechoslovakia (summary) | ||
| 260 |
_aLondon _bHealey and Baker; RICS _c1991 |
||
| 300 | _a18p.; 30cm. | ||
| 350 | _a0 | ||
| 520 | _aSponsored by Royal Institution of Chartered Surveyors . Title in English and Czech. For full report see RICS 1991/4AC | ||
| 650 | _aHEALEY AND BAKER | ||
| 650 | _aPROPERTY MARKET | ||
| 710 |
_aRoyal Institution of Chartered Surveyors _94900 |
||
| 942 | _n0 | ||
| 948 | _c04/03/1997 | ||
| 999 |
_c93130 _d93130 |
||